Popularne polskie piosenki w tym tygodniu. 06-12.08.21 - Statystyki

Ogólne statystyki
  • Ten quiz został rozwiązany 32 razy
  • Średni wynik to 12 z 30
Statystyki odpowiedzi
Wykonawca Wyświetlenia Utwór % Poprawnych
Young Leosia ft. Żabson 3.21M Jungle Girl
92%
Kizo 3.21M Disney
75%
Mata 2.57M Kiss cam (podryw roku)
67%
OIO 577K Amerykańskie Teledyski
58%
Guzior 595K BLUEBERRY
58%
Guzior ft. Oskar83 613K FALA
58%
Sobel 1.18M Fiołkowe Pole
58%
Kizo ft. Wac Toja 767K Nasze Lato
58%
Mata 645K Patoreakcja
58%
Sanah ft. Vito Bambino 1.11M Ale jazz!
50%
Mata ft. White 2115 1.68M La La La (Oh Oh)
50%
Zdechły Osa 949K Patolove
50%
Wiatr ft. Sobel, Be Vis 558K Testarossa
50%
Smolasty 1.52M Duże Oczy
42%
Sanah 1.63M etc. (na disco)
42%
Sobel 851K Kinol
42%
Tymek, Brodka, Urbanski 711K Ostatni
42%
Żabson, Kizo, ZetHa 1.06M Puerto Bounce
42%
Magiera ft. Sobel 2.07M Drobna Zabawa
33%
Kizo 1.24M Król balu
33%
Sanah 701K 2:00
25%
Męskie Granie Orkiestra 2021 ft. Daria Zawiałow, Dawid Podsiadło, Vito Bambino 3.13M I Ciebie też, bardzo
25%
Sanah 997K ten Stan
25%
Sokół ft. Sarius 1.25M Cześć
17%
Piękni i Młodzi 896K Jak w bajce (Ti Amo)
17%
Defis & MiłyPan 566K Musisz się starać
17%
Gibbs 815K Nigdy albo zawsze
17%
Dawid Kwiatkowski 822K Proste
17%
Arne 1.33M Poranna Rosa
8%
Kubańczyk 1.30M Stringi
8%
Nie znaleziono quizów pasujących do podanych kryteriów
Rozkład punktacji
Procent ludzi z każdym wynikiem
Percentyl według liczby udzielonych odpowiedzi
Twoja historia wyników
Nie rozwiązałeś tego quizu